000 00708nam a2200289Ia 4500
005 20260324133024.0
008 008 260324s9999 xx 000 0 eng d
020 _a9780203484845
037 _aEBOOK
040 _aCRL
040 _beng
040 _cCRL
041 _2eng
041 _aeng
084 _qCRL
100 _aPippa Norris; Montague Kern; Marion Just
_91191508
245 0 _aFraming Terrorism
245 4 _bThe News Media, the Government and the Public
260 _bTaylor and Francis
260 _c2004
365 _a
365 _b300
856 _uhttp://www.taylorfrancis.com/books/9780203484845
942 _cEBOOK
999 _c1790161
_d1790161